<?xml version="1.0" encoding="UTF-8"?>
<marc:record xmlns:marc="http://www.loc.gov/MARC21/slim">
   <marc:leader>00000nam a2200000 a 4500</marc:leader>
   <marc:datafield ind1="1" ind2=" " tag="100">
      <marc:subfield code="a">Bärtels, Andreas</marc:subfield>
      <marc:subfield code="4">aut</marc:subfield>
      <marc:subfield code="e">Verfasser/-in</marc:subfield>
   </marc:datafield>
   <marc:datafield ind1=" " ind2=" " tag="653">
      <marc:subfield code="a">Gartengehölze</marc:subfield>
   </marc:datafield>
   <marc:datafield ind1=" " ind2=" " tag="653">
      <marc:subfield code="a">Softcover / Ratgeber/Natur/Garten</marc:subfield>
   </marc:datafield>
   <marc:datafield ind1=" " ind2=" " tag="653">
      <marc:subfield code="a">Amateur</marc:subfield>
   </marc:datafield>
   <marc:datafield ind1=" " ind2=" " tag="653">
      <marc:subfield code="a">Garten</marc:subfield>
   </marc:datafield>
   <marc:datafield ind1=" " ind2=" " tag="653">
      <marc:subfield code="a">Wörterbuch</marc:subfield>
   </marc:datafield>
   <marc:datafield ind1="0" ind2="0" tag="245">
      <marc:subfield code="a">Gehölze von A-Z</marc:subfield>
   </marc:datafield>
   <marc:datafield ind1="0" ind2="0" tag="245">
      <marc:subfield code="b">1500 Bäume und Sträucher</marc:subfield>
   </marc:datafield>
   <marc:datafield ind1="0" ind2="0" tag="245">
      <marc:subfield code="c">Andreas Bärtels. Mit Beitr. von Dorothea Haag</marc:subfield>
   </marc:datafield>
   <marc:datafield ind1=" " ind2="1" tag="264">
      <marc:subfield code="a">Stuttgart</marc:subfield>
      <marc:subfield code="b">Ulmer</marc:subfield>
      <marc:subfield code="c">2009</marc:subfield>
   </marc:datafield>
   <marc:datafield ind1="1" ind2=" " tag="490">
      <marc:subfield code="a">Profiwissen kompakt : Gestaltung und Pflege</marc:subfield>
   </marc:datafield>
   <marc:datafield ind1="1" ind2=" " tag="520">
      <marc:subfield code="a">Angaben aus der Verlagsmeldung

Gehölze von A - Z : 1500 Bäume und Sträucher / von Andreas Bärtels

Die richtigen Gehölze für jeden Garten.
- 1500 Bäume und Sträucher
- altbewährte und neue Züchtungen
- über 800 Abbildungen
Es gibt eine enorme Vielfalt an Bäumen und Sträuchern für den Garten.
Dieses wertvolle Nachschlagewerk hilft Ihnen, die Übersicht zu behalten und das richtige Gehölz für die jeweilige Gartensituation auszuwählen. Der renommierte Experte Andreas Bärtels beschreibt 1500 Laub- und Nadelgehölze, die im Gartenhandel problemlos erhältlich sind und sich in die Dimensionen eines Hausgartens einfügen.
In über 800 Abbildungen lernen Sie die Pflanzen von ihrer schönsten Seite kennen. Mit Hinweisen zu Wuchs, Pflanzung, Pflege, Schnitt und Vermehrung. Auch die Grundlagen der Gartengestaltung mit Bäumen und Sträuchern werden erklärt.
</marc:subfield>
   </marc:datafield>
   <marc:datafield ind1=" " ind2=" " tag="020">
      <marc:subfield code="a">9783800158492</marc:subfield>
      <marc:subfield code="9">9783800158492</marc:subfield>
   </marc:datafield>
   <marc:datafield ind1=" " ind2=" " tag="041">
      <marc:subfield code="a">ger</marc:subfield>
   </marc:datafield>
   <marc:datafield ind1=" " ind2=" " tag="300">
      <marc:subfield code="a">286 S.</marc:subfield>
   </marc:datafield>
</marc:record>
